000 00190nmm a2200085Ia 4500
008 220120s9999||||xx |||||||||||||||||und||
100 _aPC QUEST
_910676
245 0 _aTech video
260 _c2005
999 _c138531
_d138531